[Event "Titled Tuesday intern op 28th May Late"]
[White "Golubev, Mikhail"]
[Black "Jirasek, Ladia R"]
[Site "Chess.com INT"]
[Round "10"]
[Result "1-0"]
[Date "2024.05.28"]
[WhiteElo "2461"]
[BlackElo "2361"]
[PlyCount "41"]
[EventDate "2024.05.28"]
[EventType "swiss (blitz)"]
[EventRounds "11"]
[EventCountry "USA"]
[SourceTitle "EXT 2025"]
[Source "ChessBase"]
[SourceDate "2024.10.14"]
[SourceVersion "1"]
[SourceVersionDate "2024.10.14"]
[SourceQuality "1"]

1. e4 d5 2. exd5 Nf6 3. Nf3 Bg4 4. h3 Bxf3 5. Qxf3 Qxd5 6. Qxd5 Nxd5 7. g3 Nb4 8. Na3 e5 9. c3 N4c6 10. Nb5 Na6 11. Bg2 0-0-0 12. b4 Nab8 13. a4 f5 14. a5 e4 15. d4 exd3 16. Bf4 a6 17. Na3 Bd6 18. Bxd6 Rhe8+ 19. Kd2 Re2+ 20. Kxd3 Rxd6+ 21. Kxe2 1-0

[Event "Titled Tuesday intern op 28th May Late"]
[White "Jimenez Fernandez, Rebeca"]
[Black "Jirasek, Ladia R"]
[Site "Chess.com INT"]
[Round "6"]
[Result "0-1"]
[Date "2024.05.28"]
[WhiteElo "2091"]
[BlackElo "2361"]
[PlyCount "72"]
[EventDate "2024.05.28"]
[EventType "swiss (blitz)"]
[EventRounds "11"]
[EventCountry "USA"]
[SourceTitle "EXT 2025"]
[Source "ChessBase"]
[SourceDate "2024.10.14"]
[SourceVersion "1"]
[SourceVersionDate "2024.10.14"]
[SourceQuality "1"]

1. e4 c5 2. Nc3 g6 3. g3 Bg7 4. Bg2 Nc6 5. d3 Nf6 6. Be3 d6 7. h3 0-0 8. Qd2 Qc7 9. Bh6 Rb8 10. Bxg7 Kxg7 11. f4 b5 12. Nf3 b4 13. Ne2 Ba6 14. 0-0 c4 15. g4 Rfc8 16. f5 Ne5 17. Nxe5 dxe5 18. g5 Nh5 19. d4 c3 20. bxc3 bxc3 21. Qe3 Bxe2 22. Qxe2 Ng3 23. Qf2 Nxf1 24. f6+ Kg8 25. Rxf1 exd4 26. Qh4 exf6 27. gxf6 d3 28. Qh6 Qc5+ 29. Kh1 Qf8 30. Qe3 dxc2 31. e5 Rb1 32. e6 Qc5 33. exf7+ Kxf7 34. Bd5+ Qxd5+ 35. Kh2 Qd6+ 36. Kg2 Rxf1 0-1

[Event "Titled Tuesday intern op 28th May Late"]
[White "Jirasek, Ladia R"]
[Black "Capp, Stephen P"]
[Site "Chess.com INT"]
[Round "2"]
[Result "1-0"]
[Date "2024.05.28"]
[WhiteElo "2361"]
[BlackElo "1952"]
[PlyCount "69"]
[EventDate "2024.05.28"]
[EventType "swiss (blitz)"]
[EventRounds "11"]
[EventCountry "USA"]
[SourceTitle "EXT 2025"]
[Source "ChessBase"]
[SourceDate "2024.10.14"]
[SourceVersion "1"]
[SourceVersionDate "2024.10.14"]
[SourceQuality "1"]

1. e4 e5 2. Nf3 d5 3. exd5 Bd6 4. d4 e4 5. Ne5 Nf6 6. Nc3 0-0 7. Be2 h6 8. Be3 Qe7 9. Nc4 Bb4 10. 0-0 Bxc3 11. bxc3 Nxd5 12. Qd2 f5 13. Bf4 Nxf4 14. Qxf4 Nc6 15. Rab1 Be6 16. Rxb7 Rac8 17. f3 Bd5 18. Rb5 Qe6 19. Ne3 Bxa2 20. d5 Qe8 21. dxc6 g5 22. Qg3 f4 23. Qg4 fxe3 24. Qxe4 Qxe4 25. fxe4 Rxf1+ 26. Bxf1 Rd8 27. g3 Rd1 28. Rb8+ Kg7 29. Kg2 Rxf1 30. Kxf1 Bc4+ 31. Ke1 Kf6 32. Rb7 Ke5 33. Rxc7 Kxe4 34. Rxa7 Kd5 35. c7 1-0

[Event "Titled Tuesday intern op 14th May Late"]
[White "Drygalov, Andrey"]
[Black "Jirasek, Ladia R"]
[Site "Chess.com INT"]
[Round "1"]
[Result "1-0"]
[Date "2024.05.14"]
[WhiteElo "2455"]
[BlackElo "2361"]
[PlyCount "275"]
[EventDate "2024.05.14"]
[EventType "swiss (blitz)"]
[EventRounds "11"]
[EventCountry "USA"]
[SourceTitle "CBM 220 Extra"]
[Source "ChessBase"]
[SourceDate "2024.07.31"]
[SourceVersion "1"]
[SourceVersionDate "2024.07.31"]
[SourceQuality "1"]

1. e4 d5 2. exd5 Nf6 3. d4 Bg4 4. Be2 Bxe2 5. Qxe2 Qxd5 6. Nf3 e6 7. 0-0 Nc6 8. c3 0-0-0 9. Re1 Bd6 10. c4 Qh5 11. h3 Rhg8 12. Bg5 Nxd4 13. Nxd4 Qxg5 14. Nc3 Qh5 15. Qxh5 Nxh5 16. Rad1 Bb4 17. g3 Bxc3 18. bxc3 Nf6 19. Kg2 Rd7 20. Nf3 Rxd1 21. Rxd1 Rd8 22. Rc1 Kd7 23. Ne5+ Ke7 24. Rc2 Nd7 25. Nd3 Nb6 26. Nb2 c5 27. Kf3 e5 28. Ke2 Ke6 29. Nd3 Nd7 30. Rb2 b6 31. a4 Rb8 32. Ra2 a5 33. Rb2 g5 34. f3 f5 35. g4 e4 36. fxe4 fxe4 37. Nf2 Ke5 38. Ke3 Rf8 39. Nxe4 h6 40. Nd2 Rf4 41. Rb1 Kd6 42. Kd3 Ne5+ 43. Kc2 Kc6 44. Re1 Kd6 45. Ne4+ Kc6 46. Nd2 Kd6 47. Ne4+ Ke6 48. Nd2 Rf2 49. Kd1 Rf8 50. Kc2 Re8 51. Re2 Kd6 52. Ne4+ Kc6 53. Nf6 Re6 54. Nd5 Re8 55. Kb3 Kd6 56. Nf6 Re7 57. Rd2+ Kc6 58. Nd5 Rf7 59. Re2 Kd6 60. Rd2 Nf3 61. Rd3 Ne5 62. Rd1 Kc6 63. Re1 Kd6 64. Ne3 Rf2 65. Nf5+ Ke6 66. Nxh6 Kf6 67. Re3 Rf1 68. Nf5 Rb1+ 69. Kc2 Ra1 70. Nd6 Rxa4 71. Kb3 Ra1 72. Re2 Rh1 73. Rf2+ Kg6 74. Nf5 Rxh3 75. Ne7+ Kg7 76. Nf5+ Kg6 77. Ne7+ Kg7 78. Nd5 Nxg4 79. Rg2 Rh4 80. Nxb6 Kg6 81. Nd7 Ne3 82. Rg1 g4 83. Nxc5 g3 84. Rxg3+ Ng4 85. Nd3 Kf5 86. c5 Rh8 87. c6 Rc8 88. Rg1 Rxc6 89. Nb2 Rb6+ 90. Ka3 Ne3 91. Na4 Nc4+ 92. Ka2 Rb8 93. Rf1+ Ke4 94. Rd1 Ne3 95. Rd4+ Ke5 96. Nc5 Nc2 97. Nd7+ Ke6 98. Rd2 Rd8 99. Nc5+ Ke7 100. Rxc2 Rc8 101. Nb3 a4 102. Nd4 Kd6 103. Ka3 Kd5 104. Nf3 Kc4 105. Ne5+ Kd5 106. Nd3 Kc4 107. Nb2+ Kd5 108. Nxa4 Kc4 109. Nb2+ Kd5 110. Rd2+ Kc5 111. Kb3 Rb8+ 112. Kc2 Ra8 113. Rd4 Kb5 114. Rb4+ Kc5 115. Na4+ Kd5 116. Kb3 Rh8 117. Rb5+ Kc6 118. Rb4 Kd6 119. Rd4+ Kc6 120. Kc4 Rh1 121. Nc5 Ra1 122. Nd3 Ra4+ 123. Nb4+ Kb6 124. Rd6+ Kc7 125. Rh6 Ra1 126. Kc5 Kb7 127. Rh7+ Kc8 128. Kb6 Rc1 129. Nd5 Kd8 130. Kc6 Ke8 131. Re7+ Kf8 132. Re2 Kf7 133. Re4 Rd1 134. c4 Kg6 135. c5 Kf5 136. Re2 Rc1 137. Kd6 Rc2 138. Rxc2 1-0

[Event "Titled Tuesday intern op 14th May Late"]
[White "Jirasek, Ladia R"]
[Black "Quirke, Jeffrey"]
[Site "Chess.com INT"]
[Round "2"]
[Result "0-1"]
[Date "2024.05.14"]
[WhiteElo "2361"]
[BlackElo "1995"]
[PlyCount "62"]
[EventDate "2024.05.14"]
[EventType "swiss (blitz)"]
[EventRounds "11"]
[EventCountry "USA"]
[SourceTitle "CBM 220 Extra"]
[Source "ChessBase"]
[SourceDate "2024.07.31"]
[SourceVersion "1"]
[SourceVersionDate "2024.07.31"]
[SourceQuality "1"]

1. e4 c5 2. b3 Nc6 3. Bb2 e5 4. Bc4 Nf6 5. d3 Be7 6. Nc3 d6 7. Nge2 0-0 8. 0-0 Be6 9. h3 Nd4 10. f4 exf4 11. Nxf4 Qd7 12. Ncd5 b5 13. Nxe7+ Qxe7 14. Bxe6 fxe6 15. Bxd4 cxd4 16. a4 b4 17. Qe2 e5 18. Nd5 Nxd5 19. exd5 a5 20. Rf3 Rxf3 21. Qxf3 Rf8 22. Qg4 Qf7 23. Kh2 Qf4+ 24. Qxf4 Rxf4 25. Kg3 g5 26. Re1 Kg7 27. Re2 Kg6 28. Rf2 h5 29. Rxf4 exf4+ 30. Kf3 Kf5 31. g3 g4+ 0-1

[Event "Titled Tuesday intern op 16th Apr Early"]
[White "Jirasek, Ladia R"]
[Black "Schut, Han"]
[Site "Chess.com INT"]
[Round "11"]
[Result "1-0"]
[Date "2024.04.16"]
[WhiteElo "2361"]
[BlackElo "2091"]
[PlyCount "81"]
[EventDate "2024.04.16"]
[EventType "swiss (blitz)"]
[EventRounds "11"]
[EventCountry "USA"]
[SourceTitle "CBM 219 Extra"]
[Source "ChessBase"]
[SourceDate "2024.05.31"]
[SourceVersion "1"]
[SourceVersionDate "2024.05.31"]
[SourceQuality "1"]

1. e4 c5 2. b3 d5 3. exd5 Nf6 4. c4 e6 5. dxe6 Bxe6 6. Bb2 Nc6 7. Nf3 Be7 8. Be2 0-0 9. 0-0 Qd7 10. d4 cxd4 11. Nxd4 Nxd4 12. Qxd4 Rad8 13. Qxd7 Rxd7 14. Bf3 Rfd8 15. Ba3 Bg4 16. Bxe7 Rxe7 17. Bxg4 Nxg4 18. Nc3 Rd2 19. Rad1 Red7 20. Rxd2 Rxd2 21. Rd1 Rxd1+ 22. Nxd1 Kf8 23. f3 Ne5 24. Nb2 Ke7 25. Kf2 Kd6 26. Ke3 b6 27. Nd3 Nc6 28. Ke4 g6 29. g4 Ne7 30. g5 Ng8 31. f4 f6 32. b4 f5+ 33. Kd4 Ne7 34. Ne5 a6 35. a4 Ke6 36. c5 bxc5+ 37. bxc5 Nd5 38. Nd3 Nc7 39. Nb4 a5 40. Nc6 Nd5 41. Nd8+ 1-0

[Event "Titled Tuesday intern op 16th Apr Early"]
[White "Jirasek, Ladia R"]
[Black "Velikanov, Alexander"]
[Site "Chess.com INT"]
[Round "8"]
[Result "1-0"]
[Date "2024.04.16"]
[WhiteElo "2361"]
[BlackElo "2387"]
[PlyCount "67"]
[EventDate "2024.04.16"]
[EventType "swiss (blitz)"]
[EventRounds "11"]
[EventCountry "USA"]
[SourceTitle "CBM 219 Extra"]
[Source "ChessBase"]
[SourceDate "2024.05.31"]
[SourceVersion "1"]
[SourceVersionDate "2024.05.31"]
[SourceQuality "1"]

1. e4 e6 2. d4 d5 3. Nc3 dxe4 4. Nxe4 Bd7 5. Nf3 Bc6 6. Bd3 Nd7 7. 0-0 Ngf6 8. Ng3 g6 9. c4 Bg7 10. b3 0-0 11. Bb2 a5 12. a3 b6 13. Qe2 Qb8 14. h4 Qb7 15. Ne1 a4 16. b4 b5 17. cxb5 Bd5 18. h5 Rfe8 19. hxg6 hxg6 20. f4 Nb6 21. Nc2 Rad8 22. Ne3 Be4 23. Nxe4 Nxe4 24. Qf3 f5 25. Rac1 Bxd4 26. Bxe4 fxe4 27. Qg3 Bxb2 28. Qxg6+ Bg7 29. f5 Rf8 30. f6 Rxf6 31. Rxf6 c5 32. bxc6 Qe7 33. Rxe6 Qa7 34. c7 1-0

[Event "Titled Tuesday intern op 16th Apr Early"]
[White "Victor, Julian"]
[Black "Jirasek, Ladia R"]
[Site "Chess.com INT"]
[Round "5"]
[Result "1-0"]
[Date "2024.04.16"]
[WhiteElo "2304"]
[BlackElo "2361"]
[PlyCount "69"]
[EventDate "2024.04.16"]
[EventType "swiss (blitz)"]
[EventRounds "11"]
[EventCountry "USA"]
[SourceTitle "CBM 219 Extra"]
[Source "ChessBase"]
[SourceDate "2024.05.31"]
[SourceVersion "1"]
[SourceVersionDate "2024.05.31"]
[SourceQuality "1"]

1. d4 Nf6 2. Nf3 g6 3. Nbd2 d5 4. e3 Bg7 5. b4 0-0 6. Bb2 a5 7. b5 c6 8. c4 a4 9. Ba3 Qa5 10. Rb1 dxc4 11. Bxc4 Bf5 12. Bxe7 Bxb1 13. Bxf8 Bxf8 14. Qxb1 Bb4 15. a3 Bxa3 16. bxc6 bxc6 17. Qa2 Bb4 18. Bxf7+ Kg7 19. 0-0 Nbd7 20. Nc4 Qb5 21. Nce5 Nxe5 22. Nxe5 a3 23. Bxg6 Nd5 24. Bd3 Qb6 25. Qe2 Nf6 26. Bc4 c5 27. Nd7 Qd6 28. Nxf6 Qxf6 29. dxc5 Bxc5 30. Rb1 Bd6 31. Ba2 Qe5 32. g3 Rb8 33. Qg4+ Kh8 34. Rxb8+ Bxb8 35. Qg8# 1-0

[Event "Titled Tuesday intern op 16th Apr Early"]
[White "Zavgorodniy, Sergiy"]
[Black "Jirasek, Ladia R"]
[Site "Chess.com INT"]
[Round "9"]
[Result "1-0"]
[Date "2024.04.16"]
[WhiteElo "2379"]
[BlackElo "2361"]
[PlyCount "123"]
[EventDate "2024.04.16"]
[EventType "swiss (blitz)"]
[EventRounds "11"]
[EventCountry "USA"]
[SourceTitle "CBM 219 Extra"]
[Source "ChessBase"]
[SourceDate "2024.05.31"]
[SourceVersion "1"]
[SourceVersionDate "2024.05.31"]
[SourceQuality "1"]

1. d4 Nf6 2. c4 g6 3. Nc3 Bg7 4. e4 0-0 5. Be2 d6 6. Nf3 c5 7. d5 e6 8. 0-0 exd5 9. exd5 Re8 10. h3 Ne4 11. Nxe4 Rxe4 12. Bd3 Re8 13. Bg5 Bf6 14. Bxf6 Qxf6 15. Qd2 Na6 16. Ng5 Bf5 17. Bxf5 Qxf5 18. Nf3 Re4 19. b3 Rae8 20. Rfe1 Nb4 21. Rxe4 Rxe4 22. a3 Na6 23. Re1 Nc7 24. Kh2 Rxe1 25. Qxe1 Qf4+ 26. Kg1 Kf8 27. Qd2 Qxd2 28. Nxd2 f5 29. f4 Ke7 30. Kf2 b5 31. Ke3 bxc4 32. bxc4 Na8 33. Kd3 Nb6 34. Kc3 h6 35. Nf3 Kf6 36. Kb3 g5 37. g3 g4 38. Ng1 gxh3 39. Nxh3 Kg6 40. Nf2 h5 41. Nd1 a5 42. Nc3 h4 43. gxh4 Kh5 44. Nb5 Nc8 45. Ka4 Kxh4 46. Kxa5 Kg4 47. Ka6 Kxf4 48. Kb7 Ke5 49. Kxc8 f4 50. Nc3 f3 51. Nd1 Kd4 52. Kd7 Kxc4 53. Kxd6 Kd3 54. Kxc5 Ke2 55. Nc3+ Kd3 56. Nd1 Ke2 57. d6 Kxd1 58. d7 f2 59. d8Q+ Ke1 60. Qf6 f1Q 61. Qxf1+ Kxf1 62. a4 1-0

[Event "FIDE World Uni Blitz-B 1st"]
[White "Jirasek, Ladia R"]
[Black "Mansour, Halim"]
[Site "Tornelo INT"]
[Round "1.21"]
[Result "1-0"]
[Date "2021.03.13"]
[WhiteElo "2361"]
[BlackElo "1385"]
[PlyCount "65"]
[EventDate "2021.03.13"]
[EventType "swiss (blitz)"]
[EventRounds "10"]
[EventCountry "NET"]
[SourceTitle "EXT 2022"]
[Source "ChessBase"]
[SourceDate "2021.10.06"]
[SourceVersion "1"]
[SourceVersionDate "2021.10.06"]
[SourceQuality "1"]

1. d4 Nf6 2. Nc3 g6 3. Bg5 Bg7 4. e4 d6 5. Qd2 h6 6. Bh4 c6 7. f4 b5 8. Bd3 a5 9. Nf3 Nbd7 10. e5 dxe5 11. fxe5 Nh7 12. e6 Ndf6 13. exf7+ Kxf7 14. Ne5+ Kg8 15. Bxg6 Be6 16. 0-0 b4 17. Ne4 Nxe4 18. Bxe4 Bxe5 19. Rad1 Bg7 20. Bxc6 Nf6 21. Bxa8 Qxa8 22. Qe3 Qc6 23. Rde1 Bd5 24. Qxe7 Qxc2 25. Rf2 Qg6 26. Bxf6 Bxf6 27. Qxf6 Qxf6 28. Rxf6 Kg7 29. Rd6 Bxa2 30. Re7+ Bf7 31. Ra6 Rd8 32. Raa7 Rg8 33. Rxf7+ 1-0

[Event "FIDE World Uni Blitz-B 1st"]
[White "Koster, Chiel"]
[Black "Jirasek, Ladia R"]
[Site "Tornelo INT"]
[Round "6.14"]
[Result "0-1"]
[Date "2021.03.13"]
[WhiteElo "1913"]
[BlackElo "2361"]
[PlyCount "146"]
[EventDate "2021.03.13"]
[EventType "swiss (blitz)"]
[EventRounds "10"]
[EventCountry "NET"]
[SourceTitle "EXT 2022"]
[Source "ChessBase"]
[SourceDate "2021.10.06"]
[SourceVersion "1"]
[SourceVersionDate "2021.10.06"]
[SourceQuality "1"]

1. e4 d5 2. Nc3 d4 3. Nce2 e5 4. d3 f6 5. g3 Bg4 6. Bg2 Nc6 7. f3 Be6 8. f4 Qd7 9. Nf3 0-0-0 10. 0-0 Bg4 11. fxe5 fxe5 12. Ng5 Nf6 13. h3 Bh5 14. g4 Bg6 15. a3 h5 16. gxh5 Bxh5 17. Qe1 Bxe2 18. Qxe2 Kb8 19. Bd2 Bd6 20. Rf3 Rdf8 21. Raf1 Ne7 22. c4 Ng6 23. b4 Nh4 24. R3f2 Re8 25. c5 Be7 26. Bf3 Nxf3+ 27. Rxf3 Nh5 28. Nf7 Rh7 29. Nxe5 Qe6 30. Ng4 Rhh8 31. Qg2 Bh4 32. Bf4 a6 33. Bh2 Qb3 34. Rf7 Rc8 35. c6 b6 36. Ne5 Bf6 37. Nd7+ Ka7 38. Nxf6 Qxf7 39. Nd5 Qe6 40. Nxc7 Qxc6 41. Rf7 Qc1+ 42. Qf1 Qxf1+ 43. Kxf1 Rhf8 44. Nb5+ Ka8 45. Nc7+ Kb7 46. Rxf8 Rxf8+ 47. Ke2 Nf4+ 48. Bxf4 Rxf4 49. Ne6 Rh4 50. Nxg7 Rxh3 51. Nf5 Rh2+ 52. Kd1 Ra2 53. e5 Rxa3 54. e6 Kc7 55. Kc2 Ra2+ 56. Kb3 Rf2 57. Nxd4 Kd6 58. Kc4 Rf4 59. Kc3 a5 60. bxa5 bxa5 61. Nb3 a4 62. Nc1 Kxe6 63. Ne2 Rh4 64. d4 Rh2 65. Nc1 Kd5 66. Kb4 Rc2 67. Nd3 Kxd4 68. Nf4 Rc4+ 69. Ka3 Ke4 70. Ne6 Kd5 71. Nd8 Rc7 72. Kxa4 Rd7 73. Nb7 Rxb7 0-1

[Event "Pan American Intercollegiate-chT"]
[White "Jirasek, Ladia R"]
[Black "Lenderman, Aleksandr"]
[Site "Chess.com INT"]
[Round "9"]
[Result "1/2-1/2"]
[Date "2021.01.06"]
[WhiteElo "2361"]
[BlackElo "2624"]
[PlyCount "134"]
[EventDate "2021.01.04"]
[EventType "team-swiss (rapid)"]
[EventRounds "9"]
[EventCountry "USA"]
[SourceTitle "CBM 200 Extra"]
[Source "ChessBase"]
[SourceDate "2021.03.31"]
[SourceVersion "1"]
[SourceVersionDate "2021.03.31"]
[SourceQuality "1"]
[WhiteTeam "Berkeley California Univ"]
[BlackTeam "Webster Univ"]
[WhiteTeamCountry "USA"]
[BlackTeamCountry "USA"]

1. e4 c6 2. d4 d5 3. exd5 cxd5 4. c4 Nf6 5. Nc3 g6 6. cxd5 Nxd5 7. Qb3 Nb6 8. Bb5+ Bd7 9. Nf3 Bg7 10. Ne5 0-0 11. Nxd7 N8xd7 12. Be3 Nf6 13. 0-0 Rc8 14. Rac1 Nfd5 15. Nxd5 Qxd5 16. Qxd5 Nxd5 17. Bc4 e6 18. Rfd1 Rcd8 19. Be2 Rd7 20. g3 Rfd8 21. Bf3 h6 22. b3 a6 23. Rc5 Ne7 24. Rdc1 Nf5 25. Rc8 Bxd4 26. Bxd4 Nxd4 27. Kg2 Rxc8 28. Rxc8+ Kg7 29. Rb8 Nxf3 30. Kxf3 Rd2 31. Rxb7 Rxa2 32. Ra7 g5 33. b4 Ra4 34. Ke3 Kg6 35. Kf3 h5 36. h3 f6 37. Ra8 Kf5 38. g4+ hxg4+ 39. hxg4+ Ke5 40. Kg3 Kd6 41. f3 Kc7 42. Ra7+ Kc6 43. Ra8 Kb7 44. Rf8 Rxb4 45. Rxf6 a5 46. Rxe6 a4 47. Re5 Ka6 48. Rxg5 a3 49. Rg8 Ka7 50. Rg7+ Rb7 51. Rg5 Ka6 52. Rg6+ Rb6 53. Rg8 Ka7 54. Rg7+ Rb7 55. Rg5 Ka6 56. Rg6+ Ka5 57. Rg8 Kb6 58. Ra8 Ra7 59. Rb8+ Kc7 60. Rb1 a2 61. Ra1 Kd6 62. f4 Ke6 63. Kf3 Kf6 64. Ke4 Ra4+ 65. Ke3 Ra3+ 66. Ke4 Ra4+ 67. Ke3 Ra3+ 1/2-1/2

[Event "Pan American Intercollegiate-chT"]
[White "Wang, George1"]
[Black "Jirasek, Ladia R"]
[Site "Chess.com INT"]
[Round "6"]
[Result "0-1"]
[Date "2021.01.05"]
[WhiteElo "1770"]
[BlackElo "2361"]
[PlyCount "62"]
[EventDate "2021.01.04"]
[EventType "team-swiss (rapid)"]
[EventRounds "9"]
[EventCountry "USA"]
[SourceTitle "CBM 200 Extra"]
[Source "ChessBase"]
[SourceDate "2021.03.31"]
[SourceVersion "1"]
[SourceVersionDate "2021.03.31"]
[SourceQuality "1"]
[WhiteTeam "Yale"]
[BlackTeam "Berkeley California Univ"]
[WhiteTeamCountry "USA"]
[BlackTeamCountry "USA"]

1. d4 Nf6 2. Nf3 g6 3. Bf4 Bg7 4. Nc3 d5 5. Nb5 Na6 6. e3 0-0 7. h3 c5 8. c3 Qb6 9. dxc5 Qxc5 10. Be5 Bd7 11. Bd4 Qc8 12. Nxa7 Qe8 13. a4 Nc7 14. Bb6 Ne4 15. Ra3 Qb8 16. Bxc7 Qxc7 17. Nb5 Qc5 18. Nbd4 e5 19. Nb3 Qd6 20. Qa1 f5 21. Be2 f4 22. exf4 Rxf4 23. 0-0 Raf8 24. Nbd2 Nxd2 25. Nxd2 e4 26. Nb3 Rh4 27. f4 Rhxf4 28. Nd4 Rxf1+ 29. Bxf1 Qg3 30. Ne2 Qf2+ 31. Kh2 Be5+ 0-1

[Event "Philadelphia int op 11th"]
[White "Burke, John M"]
[Black "Jirasek, Ladia R"]
[Site "Philadelphia"]
[Round "2"]
[Result "1-0"]
[Date "2017.06.24"]
[WhiteElo "2489"]
[BlackElo "2271"]
[PlyCount "105"]
[EventDate "2017.06.24"]
[EventType "swiss"]
[EventRounds "9"]
[EventCountry "USA"]
[SourceTitle "CBM 179 Extra"]
[Source "ChessBase"]
[SourceDate "2017.08.23"]
[SourceVersion "1"]
[SourceVersionDate "2017.08.23"]
[SourceQuality "1"]

1. e4 c5 2. Nf3 g6 3. d4 cxd4 4. Nxd4 Nc6 5. Nc3 Bg7 6. Be3 Nf6 7. Bc4 Qa5 8. 0-0 0-0 9. Bb3 d6 10. h3 Bd7 11. Re1 Rac8 12. Qe2 Qh5 13. Nxc6 bxc6 14. Bxa7 c5 15. Qxh5 Nxh5 16. Nd5 Rfe8 17. c3 Ra8 18. Bb6 Rab8 19. Ba5 Bc6 20. Nc7 Rec8 21. Bd5 Bd7 22. Bc4 Rxb2 23. Nd5 Re8 24. Rab1 Rxb1 25. Rxb1 Bc6 26. Rb6 Bxd5 27. Bxd5 Nf4 28. Bc6 Rc8 29. Kf1 Ne6 30. Bd5 Nd8 31. Ra6 Kf8 32. Ra8 Rxa8 33. Bxa8 Ke8 34. a4 Kd7 35. Bb6 Kc8 36. e5 Bxe5 37. a5 Ne6 38. Bd5 Nc7 39. Bxf7 Bxc3 40. Bg8 h6 41. Ke2 Kd7 42. Bh7 Nd5 43. Kd3 Be1 44. f3 g5 45. Bg8 Kc6 46. Bd8 e5 47. a6 Nf4+ 48. Ke4 d5+ 49. Kxe5 d4 50. Bh7 d3 51. Be4+ Kb5 52. a7 d2 53. Bc2 1-0